ბათუმის შოთა რუსთაველის სახელმწიფო უნივერსიტეტის ბიბლიოთეკა

Dream of darkness:I had a dream which was not all a dream Byron:Darkness (ბიბ.ჩანაწერი № 45123)

000 -LEADER
fixed length control field 00610nam a2200217Ia 4500
001 - CONTROL NUMBER
control field 11946
003 - CONTROL NUMBER IDENTIFIER
control field GE_BSU
005 - DATE AND TIME OF LATEST TRANSACTION
control field 20200131132345.0
008 - FIXED-LENGTH DATA ELEMENTS--GENERAL INFORMATION
fixed length control field 181216s||||||||xx |||||||||||||| ||und||
020 ## - INTERNATIONAL STANDARD BOOK NUMBER
International Standard Book Number 9780006510659
040 ## - CATALOGING SOURCE
Transcribing agency GE_BSU
080 ## - UNIVERSAL DECIMAL CLASSIFICATION NUMBER
Universal Decimal Classification number 821.111-312.4
100 ## - MAIN ENTRY--PERSONAL NAME
Personal name Hill,Reginald
9 (RLIN) 6629
245 ## - TITLE STATEMENT
Title Dream of darkness:I had a dream which was not all a dream Byron:Darkness
260 ## - PUBLICATION, DISTRIBUTION, ETC.
Place of publication, distribution, etc. London
260 ## - PUBLICATION, DISTRIBUTION, ETC.
Name of publisher, distributor, etc. Harper Collins publishers.
260 ## - PUBLICATION, DISTRIBUTION, ETC.
Date of publication, distribution, etc. 1997.
300 ## - PHYSICAL DESCRIPTION
Extent 255p;18cm.
653 ## - INDEX TERM--UNCONTROLLED
keyword Dream of darkness:I had a dream which was not all a dream Byron:Darkness
942 ## - ADDED ENTRY ELEMENTS (KOHA)
Koha item type წიგნი
Source of classification or shelving scheme
ეგზემპლარები
Withdrawn status Lost status Damaged status Not for loan Date acquired Barcode Date last seen Price effective from Koha item type
        2018-12-17 35814 2018-12-17 2018-12-17 წიგნი